000 00524nam a22001697a 4500
005 20260226115640.0
008 250625b |||||||| |||| 00| 0 eng d
020 _a978-178583534-6
050 _a2831.9 .R 63 2021
100 _aROBBINS, ADAM
245 _aMIDDLE LEADERSHIP MASTERY: A TOOLKIT FOR SUBJECT AND PASTORAL LEADERS
260 _aWILLISTON,
_bCROWN HOUSE PUBLISHING LTD,
_c2021,
300 _aV, 182P.: ILL
500 _aINCLUDES BIBLIOGRAPHICAL REFERENCES
650 _aLEADERSHIP,
942 _2lcc
_cBK
999 _c215771
_d215771